000 00477nam a2200133 4500
999 _c9033
_d9033
008 180404b ||||| |||| 00| 0 eng d
082 _aDPer 050 Dec 2015-Mar 2016 T48 v186-187
100 _927141
_aShuster, Simon.
245 _aGermany turns to a Nazi memorial site to house refugees/
_cSimon Shuster.
260 _aNew York:
_bTime Inc.,
_c©Dec 2015-Mar 2016.
300 _av187 n5, pages 10-11:
_billustrations;
_c27 cm.
650 0 _927142
_aRefugees.
942 _2ddc
_cPER